[Event "Ostrava op"]
[Site "Ostrava"]
[Date "1992.??.??"]
[Round "8"]
[White "Bagaturov, Giorgi"]
[Black "Golubev, Mihail"]
[Result "1/2-1/2"]
[WhiteElo "2420"]
[BlackElo "2465"]

1.d4 Nf6 2.Nf3 g6 3.c4 Bg7 4.g3 O-O 5.Bg2 d6 6.O-O Nbd7 7.Nc3 e5 8.e4 exd4
9.Nxd4 a6 10.Rb1 Rb8 11.b3 Nc5 12.h3 Re8 13.Re1 Bd7 14.Kh2 Qc8 15.b4 Ne6
16.Nde2 c5 17.bxc5 Nxc5 18.f3 Be6 19.Nd5 Bxd5 20.cxd5 Nfd7 21.Rf1  1/2-1/2

[Event "Pardubice op"]
[Site "Pardubice"]
[Date "1992.??.??"]
[Round "1"]
[White "Shumiakina, Tatiana"]
[Black "Semenova, Irina"]
[Result "1-0"]
[WhiteElo "2310"]
[BlackElo "2255"]

1.c4 Nf6 2.Nf3 d6 3.d4 g6 4.g3 Bg7 5.Bg2 O-O 6.O-O Nbd7 7.Qc2 e5 8.Rd1 Qe7
9.Nc3 c6 10.b3 Rd8 11.e4 exd4 12.Nxd4 Nc5 13.Bf4 Ne6 14.Nxe6 Bxe6 15.Re1 Ng4
16.Rad1 Bf6 17.Nb1 Ne5 18.Nd2 Bg4 19.Rc1 h5 20.h4 Be6 21.Kh2 Qd7 22.f3 Bg7
23.Rcd1 Qc7 24.Nf1 Rac8 25.Ne3 Qb6 26.Qe2 a5 27.Nc2 a4 28.Nd4 Bd7 29.Bg5 Re8
30.Be3 Qc7 31.Qd2 axb3 32.axb3 Ra8 33.Ne2 Ra3 34.Nc1 Re6 35.Bd4 c5 36.Bb2 Rxb3
37.Bxe5 Bxe5 38.Nxb3 d5 39.f4 dxc4 40.Qxd7 Qxd7 41.Rxd7 Bc3 42.Rc1 Bb2 43.Rxc4  1-0

[Event "Pardubice op"]
[Site "Pardubice"]
[Date "1992.??.??"]
[Round "6"]
[White "Smejkal, Jan"]
[Black "Zhelnin, Vladimir V"]
[Result "1-0"]
[WhiteElo "2525"]
[BlackElo "2435"]

1.Nf3 Nf6 2.c4 g6 3.d4 Bg7 4.g3 O-O 5.Bg2 d6 6.O-O Nbd7 7.Nc3 e5 8.e4 c6
9.h3 Ne8 10.Re1 Nc7 11.Be3 f5 12.Bg5 Qe8 13.exf5 gxf5 14.Bf4 Ne6 15.dxe5 Nxf4
16.gxf4 dxe5 17.fxe5 Nc5 18.Qd4 Qe7 19.Rad1 Re8 20.Qd6 Be6 21.Qxe7 Rxe7 22.b4 Nd7
23.Nd5 cxd5 24.cxd5 Bxd5 25.Rxd5 Rae8 26.e6 Nb6 27.Ra5 a6 28.Rxf5 Rxe6 29.Rxe6 Rxe6
30.Kf1 Bc3 31.b5 Kg7 32.Rc5 Bb4 33.Rc7+ Re7 34.Rc1 axb5 35.Nd4 Kf6 36.Nxb5 h6
37.Rb1 Bc5 38.Nc3 Kg7 39.Ne4 Bd4 40.Rb4 Rd7 41.h4 Kg6 42.a4 Rd8 43.Bf3 Kf5
44.a5 Nc8 45.Ng3+ Ke5 46.Rb5+ Kf6 47.Ne4+ Kg6 48.Bh5+ Kg7 49.Rxb7+ Kf8 50.a6 Ne7
51.Be2 Rc8 52.Ke1 Rc2 53.Bd3 Ra2 54.Bc4 Ra4 55.Bb5 Ra2 56.h5 Ra3 57.Rb8+ Kg7
58.Rb7 Kf8 59.Rd7 Nf5 60.Rd5 Nh4 61.Kf1  1-0

[Event "Pardubice op"]
[Site "Pardubice"]
[Date "1992.??.??"]
[Round "7"]
[White "Bagaturov, Giorgi"]
[Black "Smejkal, Jan"]
[Result "1/2-1/2"]
[WhiteElo "2435"]
[BlackElo "2525"]

1.d4 Nf6 2.Nf3 g6 3.c4 Bg7 4.g3 O-O 5.Bg2 d6 6.O-O Nc6 7.Nc3 e5 8.d5 Ne7
9.e4 Ne8 10.Be3 f5 11.Qd2 Nf6 12.exf5 Nxf5 13.Bg5 Qe8 14.Rac1 b6 15.Rfe1 a5
16.h3 h5 17.b3 Nh7 18.Be3 Bd7 19.Ne4 Qe7 20.Qe2 Nxe3 21.Qxe3  1/2-1/2

[Event "Pardubice op"]
[Site "Pardubice"]
[Date "1992.??.??"]
[Round "8"]
[White "Cerny, Martin"]
[Black "Semenova, Irina"]
[Result "1-0"]
[WhiteElo "2265"]
[BlackElo "2255"]

1.Nf3 Nf6 2.c4 d6 3.d4 g6 4.g3 Bg7 5.Bg2 O-O 6.O-O Nbd7 7.Nc3 e5 8.e4 Re8
9.h3 exd4 10.Nxd4 Nc5 11.Re1 a5 12.Ndb5 Bd7 13.f3 Qc8 14.Kh2 Be6 15.b3 Nh5
16.Be3 a4 17.Rc1 axb3 18.axb3 Rd8 19.Re2 Qb8 20.Rd2 c6 21.Nd4 d5 22.f4 dxe4
23.Nxe6 Rxd2 24.Qxd2 Nxe6 25.Nxe4 Ra3 26.Rb1 Nf6 27.Qb2 Ng4+ 28.hxg4 Bxb2
29.Rxb2 Qd8 30.f5 gxf5 31.gxf5 Ra5 32.Rd2 Qe7 33.c5 h5 34.fxe6 f5 35.Rd7 Qxe6
36.Rd8+ Kg7 37.Bd4+ Kg6 38.Rd6 Qxd6 39.Nxd6 Ra3 40.Nxb7 Rxb3 41.Bxc6 Rb4
42.Bf2  1-0

[Event "Paris-ch"]
[Site "Paris"]
[Date "1992.??.??"]
[Round "2"]
[White "Pigusov, Evgeny"]
[Black "Decroix, Roger"]
[Result "1-0"]
[WhiteElo "2550"]
[BlackElo "2205"]

1.Nf3 Nf6 2.c4 d6 3.d4 g6 4.g3 Bg7 5.Bg2 O-O 6.O-O Nbd7 7.Nc3 c6 8.e4 e5
9.b3 Re8 10.Re1 exd4 11.Nxd4 Qa5 12.Bd2 Qb6 13.Be3 Nc5 14.h3 Qa5 15.Qc2 Nfd7
16.Rab1 Ne6 17.Nde2 Qh5 18.Red1 Bf8 19.g4 Qh4 20.f4 Qe7 21.Bf2 Ng7 22.Rd2 h5
23.g5 f6 24.h4 fxg5 25.hxg5 Qe6 26.Rbd1 Qg4 27.Rd3 Nc5 28.Rg3 Qe6 29.Rf1 Qd7
30.Bd4 h4 31.Rh3 Qxh3 32.Bxh3 Bxh3 33.Rf2 Bd7 34.f5 Nh5 35.Nf4 Nxf4 36.Rxf4 gxf5
37.exf5 Re1+ 38.Kf2 Rh1 39.Kg2 Re1 40.Rxh4 Bg7 41.Bxg7  1-0

[Event "Paris-ch"]
[Site "Paris"]
[Date "1992.??.??"]
[Round "5"]
[White "Pigusov, Evgeny"]
[Black "Prie, Eric"]
[Result "0-1"]
[WhiteElo "2550"]
[BlackElo "2440"]

1.Nf3 Nf6 2.c4 g6 3.d4 Bg7 4.g3 O-O 5.Bg2 d6 6.O-O Nbd7 7.Nc3 e5 8.e4 c6
9.b3 exd4 10.Nxd4 Re8 11.h3 Nc5 12.Re1 Bd7 13.Rb1 Qc7 14.Bf4 Nh5 15.Be3 Nf6
16.Bf4 Nh5 17.Be3 Nf6 18.Qc2 Qc8 19.g4 h5 20.f3 hxg4 21.hxg4 d5 22.g5 Nh7
23.cxd5 Nxg5 24.Bxg5 Bxd4+ 25.Be3 Bxe3+ 26.Rxe3 a5 27.Rd1 Qc7 28.Qd2 Qe5
29.Qd4 Qxd4 30.Rxd4 Red8 31.f4 cxd5 32.Nxd5 Be6 33.f5 Bxd5 34.exd5 gxf5 35.d6 Ra6
36.Rd5 Ne6 37.Rxf5 Rdxd6 38.Bxb7 Ra7 39.Bd5 Ng7 40.Rg5 Kf8 41.Bc4 Rd1+ 42.Kf2 Rd2+
43.Re2 Rxe2+ 44.Kxe2 Ne6 45.Re5 Ke7 46.Kd2 Kf6 47.Rd5 Nf4 48.Rb5 Ng6 49.Kc3 Ne5
50.Bd5 Ke7 51.Kb2 Nd3+ 52.Ka3 Kd6 53.Bf3 Nc5 54.Kb2 Nd3+ 55.Kc3 Nb4 56.a3 Rc7+
57.Kd2 Rc2+ 58.Kd1 Rc3 59.axb4 Rxb3 60.Bh5 Rxb4 61.Rxa5 Rd4+ 62.Ke2 Rd5 63.Ra6+ Ke7
64.Ra7+ Rd7 65.Ra5 Kf6 66.Ke3 Rb7 67.Bf3 Rb3+ 68.Kf4 Rb4+ 69.Be4 Rb6 70.Ra2 Rd6
71.Rf2 Kg7 72.Ke5 Re6+ 73.Kd5 Rf6 74.Rg2+ Kf8 75.Ke5 Re6+ 76.Kf5 Rg6 77.Rh2 Kg7
78.Bd5 Rh6 79.Kg5 Rxh2  0-1

[Event "Fishbecks"]
[Site "Pasadena"]
[Date "1992.??.??"]
[Round "?"]
[White "Silman, Jeremy D"]
[Black "Beelby, Matthew A"]
[Result "0-1"]
[WhiteElo "2395"]
[BlackElo "2340"]

1.d4 Nf6 2.c4 g6 3.Nf3 Bg7 4.g3 O-O 5.Bg2 d6 6.Nc3 Nc6 7.d5 Na5 8.b3 c5 9.Bb2 a6
10.O-O Rb8 11.Nd2 b5 12.Rb1 Bh6 13.f4 Ng4 14.Rf3 Bg7 15.Qe1 bxc4 16.bxc4 Bd4+
17.e3 Nxe3 18.Rxe3 Bf5 19.Bc1 Bxb1 20.Ndxb1 Nxc4 21.Bf1 Nxe3 22.Bxe3 Qa5
23.Qc1 Rb4 24.a3 Rb3 25.Bxd4 cxd4 26.Ne4 Rfb8 27.Nbd2 Rc3 28.Nxc3 dxc3 29.Ne4 Qb6+
30.Nf2 Qd4 31.Be2 Rb2 32.Kf1 c2 33.Kg2 Qxd5+ 34.Bf3 Qb3 35.Be4 d5 36.Bd3 Qxa3
37.Bxa6 Ra2  0-1

[Event "POL-ch"]
[Site "?"]
[Date "1992.??.??"]
[Round "6"]
[White "Matlak, Marek"]
[Black "Czerwonski, Aleksander"]
[Result "1/2-1/2"]
[WhiteElo "2440"]
[BlackElo "2370"]

1.d4 g6 2.Nf3 Bg7 3.c4 Nf6 4.g3 d6 5.Bg2 O-O 6.O-O c5 7.b3 Nc6 8.Bb2 Ne4
9.e3 Bg4 10.Qc2 f5 11.dxc5 Nb4 12.Qe2 Bxb2 13.Qxb2 Nd3 14.Qc2 dxc5 15.Nc3 Nb4
16.Qb2 Nd3 17.Qc2 Nb4 18.Qb2  1/2-1/2

[Event "Polanica Zdroj op"]
[Site "Polanica Zdroj"]
[Date "1992.??.??"]
[Round "8"]
[White "Grabarczyk, Miroslaw"]
[Black "Zimmerman, Yuri"]
[Result "1-0"]
[WhiteElo "2315"]
[BlackElo "2280"]

1.d4 Nf6 2.c4 g6 3.Nf3 Bg7 4.g3 O-O 5.Bg2 d6 6.Nc3 Nc6 7.O-O a6 8.h3 e5 9.d5 Ne7
10.c5 e4 11.cxd6 Qxd6 12.Ng5 Nexd5 13.Ngxe4 Nxc3 14.Nxd6 Nxd1 15.Nxc8 Raxc8
16.Rxd1 c6 17.Be3 Rfd8 18.Bb6 Rxd1+ 19.Rxd1 Nd5 20.Bd4 Bxd4 21.Rxd4 Nf6 22.f4 Kf8
23.Kf2 Ke7 24.e4 a5 25.Bf3 c5 26.Rd1 b6 27.e5 Ne8 28.a4 Rd8 29.Rxd8 Kxd8
30.Ke3 Ke7 31.Kd3 Nc7 32.Be2 f5 33.exf6+ Kxf6 34.Ke4 Ne6 35.Bc4 Ke7 36.Bxe6 Kxe6
37.g4 h5 38.gxh5 gxh5 39.f5+ Kd6 40.h4 c4 41.Kd4 Ke7 42.Kxc4 Kf6 43.Kb5 Kxf5
44.Kxb6 Kg4 45.Kxa5 Kxh4 46.Kb6  1-0

[Event "Polanica Zdroj op"]
[Site "Polanica Zdroj"]
[Date "1992.??.??"]
[Round "9"]
[White "Matlak, Marek"]
[Black "Pilarska, Czeslawa"]
[Result "1-0"]
[WhiteElo "2440"]
[BlackElo "2145"]

1.d4 Nf6 2.Nf3 g6 3.c4 Bg7 4.g3 O-O 5.Bg2 d6 6.O-O Nbd7 7.Qc2 e5 8.Rd1 Re8
9.e4 exd4 10.Nxd4 c6 11.Nc3 Qc7 12.h3 a5 13.b3 Nb6 14.Bf4 Nh5 15.Be3 a4 16.Rac1 axb3
17.axb3 Bd7 18.Kh2 Rad8 19.Qd2 Bc8 20.f4 f5 21.exf5 gxf5 22.Ndb5 cxb5 23.Nxb5 Nxc4
24.Nxc7 Nxd2 25.Nxe8 Rxe8 26.Bxd2 Be6 27.Re1 Kf7 28.Rc7+ Re7 29.Rxe7+  1-0

[Event "Polanica Zdroj op"]
[Site "Polanica Zdroj"]
[Date "1992.??.??"]
[Round "10"]
[White "Jasnikowski, Zbigniew"]
[Black "Zimmerman, Yuri"]
[Result "1-0"]
[WhiteElo "2450"]
[BlackElo "2280"]

1.d4 Nf6 2.c4 g6 3.Nf3 Bg7 4.g3 O-O 5.Bg2 d6 6.Nc3 Nc6 7.O-O a6 8.b3 Rb8
9.a4 e5 10.d5 Nd4 11.Nxd4 exd4 12.Na2 c5 13.dxc6 bxc6 14.Bxc6 Qb6 15.Bg2 Qxb3
16.Bf4 Rd8 17.c5 Qc4 18.Bxd6 Rb2 19.Nc1 Ne8 20.Nd3 Rc2 21.Be7 Rd7 22.Bg5 h6
23.Bd2 Re7 24.Re1 Nc7 25.c6 Bg4 26.h3 Bf5 27.Bf4 Ne6 28.Bd6 Re8 29.Nb4 d3
30.exd3 Bxd3 31.Nxc2 Bxc2 32.Rc1 Bxd1 33.Rxc4 Bb3 34.Rcc1 Bf8 35.Bxf8 Kxf8
36.a5 Rc8 37.Rc3 Ba4 38.Rxe6  1-0

[Event "Ponferrada op"]
[Site "Ponferrada"]
[Date "1992.??.??"]
[Round "?"]
[White "Sanchez Guirado, Francisco"]
[Black "Munoz Muriel, M."]
[Result "1-0"]
[WhiteElo "2340"]
[BlackElo "2205"]

1.d4 Nf6 2.Nf3 g6 3.c4 Bg7 4.g3 O-O 5.Bg2 d6 6.O-O c6 7.Nc3 Nbd7 8.e4 e5
9.h3 exd4 10.Nxd4 Re8 11.Be3 Nc5 12.Qc2 Qc7 13.Rad1 a5 14.Rfe1 Be6 15.Ndb5 cxb5
16.Nxb5 Qe7 17.Nxd6 Ncd7 18.Nxe8 Rxe8 19.Bf4 Qc5 20.Bd6 Qxc4 21.Qxc4 Bxc4
22.e5 Nh5 23.Re4 Bxa2 24.g4 Bb3 25.Rdd4 f5 26.Re3  1-0

[Event "Prague Chip"]
[Site "Prague"]
[Date "1992.??.??"]
[Round "1"]
[White "Pekarek, Ales"]
[Black "Jansa, Vlastimil"]
[Result "1-0"]
[WhiteElo "2455"]
[BlackElo "2460"]

1.d4 d6 2.g3 g6 3.Bg2 Bg7 4.Nf3 Nf6 5.c4 O-O 6.Nc3 c6 7.O-O Bf5 8.Bf4 Ne4
9.Rc1 Nxc3 10.Rxc3 c5 11.Rb3 Nc6 12.dxc5 dxc5 13.Rxb7 Qa5 14.Qb3 Rac8 15.a3 Be4
16.Qe3 Qa6 17.Rb5 f5 18.Bh6 Bxh6 19.Qxh6 Bxf3 20.Bxf3 Nd4 21.Bd5+ Kh8 22.Rb7 Nxe2+
23.Kh1 Qf6 24.Re1 Qe5 25.Qd2  1-0

[Event "Prague DDM"]
[Site "Prague"]
[Date "1992.??.??"]
[Round "6"]
[White "Mozny, Milos"]
[Black "Hausner, Ivan"]
[Result "1/2-1/2"]
[WhiteElo "2425"]
[BlackElo "2410"]

1.d4 Nf6 2.Nf3 g6 3.c4 Bg7 4.g3 O-O 5.Bg2 d6 6.O-O Nbd7 7.Nc3 e5 8.e4 exd4
9.Nxd4 Re8 10.Re1 Nc5 11.Qc2 a5 12.h3 a4 13.Be3 c6 14.b4 axb3 15.axb3 Rxa1
16.Rxa1 Qe7 17.Ra8 Bd7 18.Rxe8+ Qxe8 19.b4 Ne6 20.Nxe6 Bxe6 21.Ne2 Qa8 22.b5 Nd7
23.bxc6 bxc6 24.Nf4 Qa1+ 25.Kh2 Qc3 26.Qxc3 Bxc3 27.Nxe6 fxe6 28.f4 c5 29.Bf1 Kf7
30.Kg2 Bd4 31.Bd2 Nb6 32.Kf3 Na4 33.Be2 Bc3 34.Bd1  1/2-1/2

[Event "Bohemians (Women)"]
[Site "Prague"]
[Date "1992.??.??"]
[Round "6"]
[White "Van Parreren, Hanneke"]
[Black "Slabek, Agnieszka"]
[Result "1/2-1/2"]
[WhiteElo "2135"]
[BlackElo "2155"]

1.d4 Nf6 2.c4 g6 3.Nf3 Bg7 4.g3 d6 5.Bg2 O-O 6.O-O c6 7.Nc3 Qa5 8.h3 a6 9.e4 e5
10.Be3 Nbd7 11.a3 Qc7 12.Rc1 c5 13.d5 Ne8 14.Ne1 f5 15.Nd3 Ndf6 16.exf5 gxf5
17.f4 e4 18.Nf2 h5 19.Kh2 Qf7 20.Rg1 Qg6 21.h4 Kh7 22.Bf1 Ng8 23.b4 b6 24.Na4 Rb8
25.Rb1 Rb7 26.bxc5 bxc5 27.Rxb7 Bxb7 28.Be2 Nef6 29.Qb3 Bc8 30.Rb1 Nh6 31.Nb6 Nhg4+
32.Nxg4 Nxg4+ 33.Bxg4 Qxg4 34.Qd1  1/2-1/2

[Event "Bohemians-B"]
[Site "Prague"]
[Date "1992.??.??"]
[Round "7"]
[White "Matlak, Marek"]
[Black "Znamenacek, Kvetoslav"]
[Result "1-0"]
[WhiteElo "2440"]
[BlackElo "2335"]

1.d4 Nf6 2.Nf3 g6 3.c4 Bg7 4.g3 O-O 5.Bg2 d6 6.O-O c5 7.Nc3 Nc6 8.d5 Na5
9.Nd2 e5 10.e4 Ng4 11.b3 f5 12.exf5 gxf5 13.h3 Nh6 14.Bb2 b6 15.Qc2 a6 16.f4 Ra7
17.Rae1 Re7 18.Ne2 Nb7 19.Nf3 Qc7 20.Kh1 Nd8 21.Rd1 Ndf7 22.Rfe1 Kh8 23.Bc3 Rg8
24.Qb2 Bb7 25.Kh2 Qb8 26.fxe5 dxe5 27.Nf4 e4 28.Bxg7+ Rxg7 29.Nh5 Nd6 30.Ng5 Kg8
31.Nxg7 Rxg7 32.Ne6 Rxg3 33.Qe5 Rg6 34.Re3 Nhf7 35.Qf4 Bc8 36.Rg3 Qa7 37.Rg1 Qe7
38.Bf1 Qf6 39.Ng5 Nxg5 40.Rxg5 Bd7 41.Be2 Be8 42.Bh5 Rxg5 43.Qxg5+ Qxg5 44.Rxg5+ Kf8
45.Bxe8 Kxe8 46.Rh5 e3 47.Kg2 e2 48.Kf2 Ne4+ 49.Ke1 Ng3 50.Rg5 f4 51.Rxg3 fxg3
52.Kxe2 h5 53.h4 Ke7 54.Kf3 Kd6 55.Kxg3 Ke5 56.Kf3 b5 57.a3 bxc4 58.bxc4 a5
59.a4 Kf5 60.d6 Ke6 61.Ke4 Kxd6 62.Kf5  1-0

[Event "CRO-Cup"]
[Site "Pula"]
[Date "1992.??.??"]
[Round "2"]
[White "Jukic, Mirko"]
[Black "Sinanovic, Muhamed"]
[Result "1-0"]
[WhiteElo "2455"]
[BlackElo "2425"]

1.Nf3 Nf6 2.c4 g6 3.d4 Bg7 4.g3 O-O 5.Bg2 d6 6.O-O Nc6 7.Nc3 a6 8.Bg5 h6
9.Bxf6 Bxf6 10.Qd2 Bg7 11.Rfd1 Bg4 12.d5 Bxf3 13.exf3 Nd4 14.f4 c5 15.dxc6 bxc6
16.Ne2 Nxe2+ 17.Qxe2 Qc7 18.h4 Rab8 19.Rd2 a5 20.Rc1 a4 21.Rcc2 Rb5 22.h5 gxh5
23.Qxh5 Rfb8 24.Qf3 c5 25.Qe2 Kf8 26.f5 Qc8 27.Qh5 Rxb2 28.Rxb2 Rxb2 29.Rxb2 Bxb2
30.Bd5 e6 31.fxe6 fxe6 32.Qxh6+ Kf7 33.Qh7+ Bg7 34.Qf5+ Bf6 35.g4 Ke7 36.Qh7+ Kf8
37.Qh6+ Kf7 38.Qh7+ Kf8 39.Qg6 Ke7 40.g5 Bd4 41.Qh7+ Kf8 42.g6 Qe8 43.Bc6 Qe7
44.Qxe7+ Kxe7 45.Bxa4 d5 46.Bb3 Kf6 47.a4 Bc3 48.cxd5 exd5 49.Bxd5 Kxg6 50.Kf1 Kf5
51.Ke2 Kf4 52.Kd3 Be1 53.f3 Ba5 54.Kc4  1-0

[Event "CRO-Cup"]
[Site "Pula"]
[Date "1992.??.??"]
[Round "3"]
[White "Hulak, Krunoslav"]
[Black "Ljubicic, Filip"]
[Result "1-0"]
[WhiteElo "2515"]
[BlackElo "2320"]

1.d4 Nf6 2.c4 g6 3.g3 Bg7 4.Bg2 O-O 5.Nf3 d6 6.O-O Nc6 7.Nc3 a6 8.d5 Na5
9.Nd2 c5 10.Qc2 Rb8 11.Rb1 Qc7 12.b3 b5 13.Bb2 e5 14.e4 Ng4 15.h3 Nh6 16.Ne2 f5
17.cxb5 axb5 18.f4 Nf7 19.Kh2 b4 20.exf5 Bxf5 21.Be4 Bd7 22.fxe5 Nxe5 23.Nf4 Rbe8
24.Rbe1 Qc8 25.Bg2 Bf5 26.Ne4 Nb7 27.Qc1 Qd8 28.Qa1 Qe7 29.Ne6 Bxe6 30.dxe6 Rxf1
31.Rxf1 Nd8 32.Rd1 Rf8 33.Rxd6 Ndc6 34.Rd5 Qxe6 35.Nxc5 Qe7 36.Ne4 Nf3+ 37.Bxf3 Rxf3
38.Bxg7 Qxe4 39.Rd2 Qe3 40.Rg2 Rf2 41.Qg1 Rxg2+ 42.Qxg2 Kxg7 43.Qxc6 Qd2+
44.Qg2 Qc3 45.h4 Kf6 46.Qe4 Qd2+ 47.Kh3 h5 48.Qf3+ Kg7 49.Qg2 Qc3 50.Qe2 Qc5
51.Kg2 Qd5+ 52.Kf2 Qf5+ 53.Kg1 Qc5+ 54.Kf1 Qf5+ 55.Qf2 Qd3+ 56.Kg1 Qd1+ 57.Qf1 Qd4+
58.Kh2 Qd2+ 59.Qg2 Qe1 60.Qb2+ Qc3 61.Qe2 Qc5 62.Qd2 Qc3 63.Qd7+ Kh6 64.Qd5 Qe1
65.Qf7 Qd2+ 66.Kg1 Qe1+ 67.Kg2 Qe2+ 68.Qf2 Qe4+ 69.Kf1 Qb1+ 70.Qe1 Qd3+ 71.Kf2 Qf5+
72.Kg2 Qd5+ 73.Kh2 Qc5 74.Qd2+ Kh7 75.Kg2 Qc3 76.Qd7+ Kh6 77.Qd5 Qe1 78.Qc4 Kh7
79.Kf3 Kg7 80.Qd4+ Kg8 81.Kf4 Kf7 82.Qd5+ Kf6 83.Qd6+ Kf7 84.Kg5 Qb1 85.Qf6+  1-0

[Event "Ramat Hasharon"]
[Site "Ramat Hasharon"]
[Date "1992.??.??"]
[Round "10"]
[White "Haimovich, Tal"]
[Black "Slutzky, Leonid"]
[Result "1/2-1/2"]
[WhiteElo "2255"]
[BlackElo "2265"]

1.d4 Nf6 2.c4 g6 3.g3 Bg7 4.Bg2 d6 5.Nf3 O-O 6.O-O Nbd7 7.Nc3 e5 8.e4 exd4
9.Nxd4 Re8 10.Be3 c6 11.h3 Nc5 12.Qc2 Qe7 13.Rfe1 Bd7 14.Nb3 Ne6 15.Rad1 Red8
16.f4 Be8 17.Qf2 b6 18.g4 Nd7 19.e5 dxe5 20.Bxc6 exf4 21.Nd5 Qf8 22.Nxf4 Rac8
23.Nxe6 fxe6 24.Bg5 Qxf2+ 25.Kxf2 Nf6 26.Rxd8 Rxd8 27.Bxf6 Bxf6 28.Rxe6 Bh4+
29.Ke2 Bf7 30.Re4 Bf6 31.Bb5 a6 32.Bxa6 Ra8 33.Bb5 Rxa2 34.Nd2 Rxb2 35.Kd3 g5
36.Re2 Bg6+ 37.Ke3 Be5 38.Nf3 Bf4+ 39.Kf2 Rxe2+ 40.Kxe2 Kf7 41.Nd4 Ke7 42.Nf5+ Ke6
43.h4 Ke5 44.Ne7 Bf7 45.Nd5 Be6 46.Kf3 Bxd5+ 47.cxd5 gxh4 48.d6 Bg5 49.d7 Kd4
50.Bf1 Kc5 51.Ke4 b5 52.d8=Q Bxd8 53.g5 b4 54.Kf4 Kd4 55.Bh3 b3 56.Bf5 Kc3
57.Bxh7 Bxg5+ 58.Kg4  1/2-1/2

[Event "EU-ch U16 Girls"]
[Site "Rimavska Sobota"]
[Date "1992.??.??"]
[Round "?"]
[White "Timofeeva, Lidia"]
[Black "Lomineishvili, Maia"]
[Result "0-1"]
[WhiteElo "2150"]
[BlackElo "2055"]

1.d4 Nf6 2.Nf3 g6 3.c4 Bg7 4.g3 O-O 5.Bg2 d6 6.O-O Nc6 7.Nc3 a6 8.d5 Na5
9.Nd2 c5 10.Qc2 Rb8 11.b3 b5 12.Bb2 Bd7 13.e4 Qc7 14.Rab1 Rb6 15.h3 Rfb8
16.cxb5 axb5 17.Ne2 b4 18.f4 Bb5 19.Rf2 c4 20.bxc4 Bxc4 21.Rc1 Rc8 22.Qa4 Rbb8
23.Nd4 Qb6 24.Nc6 Nxc6 25.Nxc4 Qa7 26.Qd1 Na5 27.Bd4 Qc7 28.Rfc2 Nxc4 29.Qd3 Qa5
30.Rxc4 Rxc4 31.Qxc4 Nd7 32.Bxg7 Kxg7 33.Qc6 Qxa2 34.e5 b3 35.Be4 b2 36.Rb1 Nc5
37.Bc2 Qa3 38.Kf2 Qc3  0-1

[Event "Rishon Le Ziyyon"]
[Site "Rishon Le Ziyyon"]
[Date "1992.??.??"]
[Round "13"]
[White "Greenfeld, Alon"]
[Black "Afek, Yochanan"]
[Result "1-0"]
[WhiteElo "2535"]
[BlackElo "2365"]

1.d4 Nf6 2.Nf3 g6 3.g3 Bg7 4.Bg2 O-O 5.c4 d6 6.O-O c5 7.d5 b5 8.cxb5 a6 9.bxa6 Bxa6
10.Nc3 Nbd7 11.Qc2 Qa5 12.Rd1 Rfb8 13.Rb1 Ne8 14.Bg5 Kf8 15.Qc1 Nb6 16.Bh6 Na4
17.Bxg7+ Kxg7 18.Nxa4 Qxa4 19.Nd2 Bxe2 20.Re1 Bd3 21.b3 Qd4 22.Rb2 c4 23.Nxc4 Qf6
24.Rd2 Bf5 25.h3 Nc7 26.g4 Bc8 27.Rde2 Nb5 28.g5 Qd4 29.Re4 Qc3 30.a4 Qxc1
31.Rxc1  1-0

[Event "ROM-ch"]
[Site "?"]
[Date "1992.??.??"]
[Round "13"]
[White "Bogdan, Dan"]
[Black "Cosma, Ioan"]
[Result "0-1"]
[WhiteElo "2280"]
[BlackElo "2400"]

1.Nf3 Nf6 2.d4 g6 3.c4 Bg7 4.g3 O-O 5.Bg2 d6 6.O-O c5 7.Nc3 Nc6 8.d5 Na5
9.Nd2 a6 10.Qc2 Rb8 11.b3 b5 12.Bb2 bxc4 13.bxc4 Bh6 14.f4 e5 15.dxe6 Bxe6
16.Nd5 Rxb2 17.Qxb2 Bg7 18.Qc2 Nxd5 19.cxd5 Bxa1 20.Rxa1 Qf6 21.Rd1 Qd4+
22.Kh1 Bf5 23.e4 Bg4 24.Bf3 Nc4 25.Bxg4 Ne3 26.Nb3 Qa4 27.Qe2 Nxd1 28.Qxd1 Qxe4+
29.Bf3 Qa4 30.Qc2 c4 31.Nd4 Qxc2 32.Nxc2 Rb8 33.Na3 c3 34.Bd1 a5 35.Bb3 a4
36.Bxa4 Ra8 37.Nb1 Rxa4 38.Nxc3 Rd4 39.a4 f5 40.Kg2 Rd3 41.Nb5 Rxd5 42.Kf3 Kf8
43.Ke3 Ke7 44.Nc3 Ra5 45.Kd4 Kd7 46.Kc4 Kc6 47.Kb4 Ra8 48.a5 d5 49.Na4 Rb8+
50.Nb6 Rxb6+ 51.axb6 Kxb6 52.Kc3 Kc5  0-1

[Event "ROM-chT"]
[Site "?"]
[Date "1992.??.??"]
[Round "?"]
[White "Itkis, Boris"]
[Black "Marin, Mihail"]
[Result "1/2-1/2"]
[WhiteElo "2355"]
[BlackElo "2525"]

1.d4 Nf6 2.Nf3 g6 3.c4 Bg7 4.g3 O-O 5.Bg2 d6 6.O-O c5 7.b3 Nc6 8.Bb2 cxd4
9.Nxd4 Bd7 10.Nc3 Qa5 11.e3 Rab8 12.Qe2 Rfc8 13.Rfd1 a6  1/2-1/2

[Event "ROM-chT"]
[Site "?"]
[Date "1992.??.??"]
[Round "?"]
[White "Chirila, Radu Catalin"]
[Black "Sofronie, Iulian"]
[Result "1/2-1/2"]
[WhiteElo "2280"]
[BlackElo "2235"]

1.d4 Nf6 2.c4 g6 3.g3 Bg7 4.Bg2 O-O 5.Nf3 d6 6.O-O Nbd7 7.Nc3 e5 8.b3 exd4
9.Nxd4 c6 10.Qc2 Qe7 11.Bb2 Re8 12.Rad1 Nc5 13.Rfe1 h5 14.e4 h4 15.b4 Ne6
16.Nf5 gxf5 17.exf5 h3 18.Bh1 Nd4 19.Qd2 Qf8 20.Qxd4 Bxf5 21.Qd2 Rxe1+ 22.Rxe1 Re8
23.Bf3 Rxe1+ 24.Qxe1 d5 25.c5 Ne4 26.Bxe4 dxe4 27.Nd1 Bxb2 28.Nxb2 Qg7 29.Qd2 Be6
30.Qd8+  1/2-1/2

[Event "ARG-chT"]
[Site "Salta"]
[Date "1992.??.??"]
[Round "3"]
[White "Scarella, Enrique"]
[Black "Fernandez, Ignacio"]
[Result "1-0"]
[WhiteElo "2255"]
[BlackElo "2260"]

1.d4 Nf6 2.Nf3 g6 3.g3 Bg7 4.Bg2 O-O 5.c4 d6 6.Nc3 Nc6 7.d5 Nb8 8.O-O a5
9.e4 Na6 10.h3 Nc5 11.Nd4 e5 12.dxe6 fxe6 13.Ndb5 e5 14.Be3 b6 15.a3 Bb7
16.Nd5 Nxd5 17.exd5 a4 18.Bxc5 bxc5 19.Be4 Bc8 20.Kg2 Rf7 21.h4 Qf6 22.Qe2 Bf8
23.Nc3 Bd7 24.Bc2 Bh6 25.h5 Bf5 26.hxg6 hxg6 27.Ne4 Bxe4+ 28.Bxe4 Rb8 29.Rh1 Qg5
30.Rad1 Rbf8 31.Rdf1 Kg7 32.f3 Qe3 33.Qc2 Qd2+ 34.Qxd2 Bxd2 35.Bc2 Ra8 36.Rh4 Rb8
37.Rb1 Bg5 38.Rg4 Kf6 39.f4 exf4 40.gxf4 Bh6 41.Rxg6+ Ke7 42.Re6+ Kd7 43.Bxa4+  1-0

[Event "ARG-chJ"]
[Site "San Rafael"]
[Date "1992.??.??"]
[Round "8"]
[White "Scarella, Enrique"]
[Black "Del Rey, Diego"]
[Result "1-0"]
[WhiteElo "2255"]
[BlackElo "2270"]

1.d4 Nf6 2.c4 g6 3.Nf3 Bg7 4.g3 O-O 5.Bg2 d6 6.Nc3 Nfd7 7.d5 Nb6 8.Nd2 c6
9.O-O cxd5 10.cxd5 Na6 11.a4 Nc5 12.a5 Nbd7 13.Ra3 Nf6 14.Nb3 Nxb3 15.Qxb3 Qc7
16.Be3 Bd7 17.Nb5 Qb8 18.Rc1 Rc8 19.Rxc8+ Qxc8 20.Ra1 Bxb5 21.Qxb5 Qd7 22.Qxd7 Nxd7
23.Rc1 Nc5 24.b4 Na6 25.Rc4 f5 26.Bh3 h5 27.f3 Kf7 28.g4 hxg4 29.fxg4 fxg4
30.Bxg4 Be5 31.h3 Bf6 32.Kg2 Ke8 33.Be6 Kf8 34.Rg4 Kg7 35.Bf5 g5 36.h4 b6
37.hxg5 Bc3 38.Rh4 Rh8 39.Rc4 Be5 40.axb6 axb6 41.Bxb6 Rb8 42.Ba5 Rb5 43.e4 Bf4
44.Bd7 Rb8 45.Bc8 Nxb4 46.Bxb4 Bxg5 47.Bf5 Bf6 48.Kf3 Be5 49.Ke3 Kf6 50.Bc3 Rb7
51.Kd3 Ra7 52.Rc8 Ra3 53.Rc7 Bxc3 54.Rxc3 Ra7 55.Kd4 Ra4+ 56.Rc4 Ra7 57.Be6 Ra8
58.Rc3 Ra4+ 59.Kd3 Ke5 60.Rc7 Ra3+ 61.Kc4 Kf6 62.Bf5 Ra1 63.Kb5 Rb1+ 64.Kc6 Rc1+
65.Kd7 Ra1 66.Ke8  1-0

[Event "Sao Paulo op"]
[Site "Sao Paulo"]
[Date "1992.??.??"]
[Round "?"]
[White "De Souza, Mauro"]
[Black "Llanos, Guillermo"]
[Result "0-1"]
[WhiteElo "2210"]
[BlackElo "2355"]

1.c4 g6 2.Nf3 Bg7 3.g3 d6 4.d4 Nf6 5.Bg2 O-O 6.O-O c5 7.Nc3 Nc6 8.d5 Na5
9.Nd2 a6 10.Qc2 Rb8 11.b3 b5 12.Bb2 bxc4 13.bxc4 Bh6 14.f4 e5 15.e4 exf4
16.gxf4 Nh5 17.Ne2 Bg4 18.Bf3 Qh4 19.Bc3 Nxf4 20.Ng3 Rb4 21.Bxb4 cxb4 22.Bxg4 Qxg4
23.Nb3 Nb7 24.Kh1 Bg7 25.Rad1 Re8 26.c5 dxc5 27.d6 Ne6 28.Qc4 Be5 29.d7 Rd8
30.Qe2 Qxe2 31.Nxe2 Bd6 32.Rd5 Be7 33.e5 c4 34.Nd2 Nc7 35.Rd4 c3 36.Ne4 Ne6
37.Rd5 Nbc5 38.Nxc5 Nxc5 39.Rfd1 a5 40.Nd4 Rxd7 41.Rxd7 Nxd7 42.Nc6 Bg5 43.Ne7+ Bxe7
44.Rxd7 Bg5 45.Rc7 a4 46.Kg2 Bd2 47.Kf3 b3 48.axb3 axb3 49.Ke2 b2  0-1

[Event "Simferopol (Women)"]
[Site "Simferopol"]
[Date "1992.??.??"]
[Round "58"]
[White "Lelchuk, Zoja"]
[Black "Safranska, Anda"]
[Result "0-1"]
[WhiteElo "2350"]
[BlackElo "2260"]

1.d4 Nf6 2.Nf3 g6 3.c4 Bg7 4.g3 O-O 5.Bg2 d6 6.O-O Nc6 7.d5 Na5 8.Nbd2 c5
9.Qc2 e6 10.e4 Rb8 11.Rb1 b5 12.dxe6 Bxe6 13.cxb5 Rxb5 14.b3 Nd7 15.Rd1 Qe7
16.Nf1 Ne5 17.Bf4 Nac6 18.N1d2 Nb4 19.Qc1 Nxa2 20.Qc2 Nb4 21.Qc1 Ned3 22.Qa3 Rb6
23.Nc4 Bxc4 24.bxc4 Nxf4 25.gxf4 Qxe4 26.Ne5 Qxf4 27.Nd7 Ra6 28.Qg3 Qxg3
29.hxg3 Re8 30.Bb7 Ra2 31.Rxd6 a5 32.Rbd1 Rae2 33.Kf1 Rc2 34.Nxc5 Rxc4 35.Rd8 Rf8
36.Na4 Rc7 37.R8d7 Rxd7 38.Rxd7 Bf6 39.Nb6 Rd8 40.Rc7 Rd2 41.Nc4 Ra2 42.Bf3 Bd4
43.Be2 a4 44.Rd7 Bc3 45.Nd6 Rxe2 46.Kxe2 a3 47.Rd8+ Kg7 48.Ne8+ Kh6 49.Rd1 a2
50.Rh1+ Kg5 51.Nd6 a1=Q 52.Nxf7+ Kf6 53.Rxa1 Bxa1 54.Nd6 h5 55.f4 Ke6 56.Ne4 Nc6
57.Kf3 Nd4+ 58.Ke3 Nf5+ 59.Kf3 Nh6 60.Nc5+ Kf5 61.Ne4 Bd4 62.Nd6+ Ke6 63.Ne4 Ba7
64.Ng5+ Kf5 65.Ne4 Nf7 66.Nd2 Nd6 67.Kg2 Ne4 68.Nf3 Bb6 69.Nh4+ Kf6 70.Kf3 Nf2
71.Ng2 Ng4 72.Nh4 Kf7 73.Kg2 Ne3+ 74.Kf3 Kf6 75.Ke4 Nf5 76.Ng2 Nxg3+ 77.Kf3 Nf5
78.Ne1 Bc7 79.Ng2 Nd4+ 80.Ke4 Ne2 81.Kf3 Nxf4  0-1

[Event "BUL-ch sf"]
[Site "Sofia"]
[Date "1992.??.??"]
[Round "1"]
[White "Kolev, Atanas"]
[Black "Atanasov, Radislav"]
[Result "1-0"]
[WhiteElo "2445"]
[BlackElo "2265"]

1.Nf3 Nf6 2.c4 g6 3.g3 Bg7 4.d4 O-O 5.Bg2 d6 6.O-O Nbd7 7.Nc3 e5 8.e4 exd4
9.Nxd4 Re8 10.f3 c6 11.Nc2 Nb6 12.Ne3 Be6 13.Qe2 d5 14.Rd1 Qb8 15.exd5 cxd5
16.c5 Nbd7 17.Qf2 d4 18.Rxd4 Nxc5 19.Nc2 a6 20.Rd1 b6 21.Be3 Qa7 22.Bf1 Rad8
23.Nd4 Bd7 24.Nb3 Rc8 25.Rd6 Bf8 26.Bxc5 bxc5 27.Rxf6 Bg7 28.Rxa6 Qb8 29.Rd1  1-0